مكتبة جامعة عجلون الوطنية

فهرس بحث المكتبة

قراءة جمالية وتاريخية في التطور في الفنون الجزء الثاني / (Record no. 33768)

MARC details
000 -LEADER
fixed length control field 00818nam a22002057a 4500
003 - CONTROL NUMBER IDENTIFIER
control field JO-AjAnu
005 - DATE AND TIME OF LATEST TRANSACTION
control field 20241019115512.0
008 - FIXED-LENGTH DATA ELEMENTS--GENERAL INFORMATION
fixed length control field 241019b jo ||||| |||| 00| 0 ara d
020 ## - INTERNATIONAL STANDARD BOOK NUMBER
International Standard Book Number 9789957608163
040 ## - CATALOGING SOURCE
Original cataloging agency JO-AjAnu
Language of cataloging ara
Transcribing agency JO-AjAnu
Modifying agency JO-AjAnu
Description conventions rda
050 ## - LIBRARY OF CONGRESS CALL NUMBER
Classification number N61.
Item number A487 2016
100 #1 - MAIN ENTRY--PERSONAL NAME
Personal name الآلوسي، صفا لطفي
Relator term مؤلف
9 (RLIN) 66335
245 #0 - TITLE STATEMENT
Title قراءة جمالية وتاريخية في التطور في الفنون الجزء الثاني /
Statement of responsibility, etc. تأليف صفا لطفي الآلوسي
250 ## - EDITION STATEMENT
Edition statement الطبعة الاولى
260 ## - PUBLICATION, DISTRIBUTION, ETC.
Place of publication, distribution, etc. عمان:
Name of publisher, distributor, etc. الدار المنهجية للنشر والتوزيع،
Date of publication, distribution, etc. 2016
300 ## - PHYSICAL DESCRIPTION
Extent 256 صفحة
504 ## - BIBLIOGRAPHY, ETC. NOTE
Bibliography, etc. note يحتوي على مراجع، يحتوي على صور
650 70 - SUBJECT ADDED ENTRY--TOPICAL TERM
Topical term or geographic name entry element الفنون-الفلسفة
9 (RLIN) 66338
942 ## - ADDED ENTRY ELEMENTS (KOHA)
Source of classification or shelving scheme Library of Congress Classification
Koha item type Books
Suppress in OPAC No

No items available.